Syntéza konjugátov metronidazolu a linkomycínu s derivátmi berkeleylaktónu A

Enregistré dans:
Détails bibliographiques
Auteur principal: Pecárová, Kristína (Auteur)
Autres auteurs: Caletková, Oľga (Directeur de thèse)
Format: Manuscrit Livre
Langue:slovaque
Publié: 2023
Sujets:
Accès en ligne:http://is.stuba.sk/zp/portal_zp.pl?podrobnosti=165328
Tags: Ajouter un tag
Pas de tags, Soyez le premier à ajouter un tag!

MARC

LEADER 00000ntm a22000003a 4500
001 stuzp94574
003 SK-STU
005 20230909222530.4
007 ta
008 150427s2015----xo-----f-mn---000-0-slo-d
040 |a STU  |b slo 
041 0 |a slo 
100 1 |a Pecárová, Kristína  |u 048140  |k Z4  |4 aut  |U FCHPT Ústav organickej chémie, katalýzy a petrochémie  |T FCHPT Oddelenie organickej chémie  |X 112280  |U C8140  |Y 124  |7 112280 
242 0 1 |a Synthesis of metronidazole and lincomycin conjugates with berkeleylactone A derivatives  |y eng 
245 1 0 |a Syntéza konjugátov metronidazolu a linkomycínu s derivátmi berkeleylaktónu A 
260 |c 2023 
650 4 |a duálne antibiotiká  |2 slo 
650 4 |a MRSA  |2 slo 
650 4 |a berkeleylaktón A  |2 slo 
650 4 |a metronidazol  |2 slo 
650 4 |a linkomycín  |2 slo 
650 4 |a dual antibiotics  |2 eng 
650 4 |a MRSA  |2 eng 
650 4 |a berkeleylactone A  |2 eng 
650 4 |a metronidazole  |2 eng 
650 4 |a lincomycin  |2 eng 
700 1 |a Caletková, Oľga  |u 048140  |k Z1  |4 ths  |U FCHPT Ústav organickej chémie, katalýzy a petrochémie  |T FCHPT Oddelenie organickej chémie  |X 25498  |U C8140  |Y 124  |7 A000025498 
856 4 |u http://is.stuba.sk/zp/portal_zp.pl?podrobnosti=165328